A simple solution (Record no. 79525)
[ view plain ]
| 000 -LEADER | |
|---|---|
| fixed length control field | 01147cab a22002055a 4500 |
| 001 - CONTROL NUMBER | |
| control field | L141581 |
| 008 - FIXED-LENGTH DATA ELEMENTS--GENERAL INFORMATION | |
| fixed length control field | 071203e20071010xxk f 000 0 eng d |
| 035 ## - SYSTEM CONTROL NUMBER | |
| System control number | (Sirsi) u141581 |
| 041 0# - LANGUAGE CODE | |
| Language code of text/sound track or separate title | eng |
| 100 1# - MAIN ENTRY--PERSONAL NAME | |
| Personal name | Fox, Owen |
| 245 02 - TITLE STATEMENT | |
| Title | A simple solution |
| 260 ## - PUBLICATION, DISTRIBUTION, ETC. | |
| Date of publication, distribution, etc. | 2007 |
| 490 #0 - SERIES STATEMENT | |
| Series statement | Contract Journal |
| Volume/sequential designation | 440(6646) 10 October 2007, 25(1) |
| 520 ## - SUMMARY, ETC. | |
| Summary, etc. | Discusses the merits and limitations of the JCT Short Form of Subcontract (2005 edition). In its favour, the conditions of the contract are only five pages, the main terms are simple and the extension of time provisions very straightforward. Also looks at the payment provisions and the pricing document. In terms of its limitations, the accompanying guidance note clearly sets these out. A key point is that the contract is only suitable for use where the subcontract packages are of straightforward content and carrying a low level of risk. |
| 590 ## - LOCAL NOTE (RLIN) | |
| Local note | KA |
| 650 24 - SUBJECT ADDED ENTRY--TOPICAL TERM | |
| Topical term or geographic name entry element | JCT SHORT FORM OF SUBCONTRACT (2005 EDITION) |
| 651 #4 - SUBJECT ADDED ENTRY--GEOGRAPHIC NAME | |
| Geographic name | United Kingdom |
| Chronological subdivision | |
| 690 ## - LOCAL SUBJECT ADDED ENTRY--TOPICAL TERM (OCLC, RLIN) | |
| Topical term or geographic name as entry element | BUILT ENVIRONMENT-BUILDING CONTRACT FORMS-STANDARD FORMS OF BUILDING CONTRACT-JOINT CONTRACTS TRIBUNAL CONTRACTS |
| 942 ## - ADDED ENTRY ELEMENTS (KOHA) | |
| Suppress in OPAC | 0 |
| Withdrawn status | Lost status | Source of classification or shelving scheme | Damaged status | Not for loan | Home library | Current library | Shelving location | Date acquired | Total Checkouts | Full call number | Barcode | Date last seen | Copy number | Price effective from | Koha item type |
|---|---|---|---|---|---|---|---|---|---|---|---|---|---|---|---|
| Dewey Decimal Classification | London | London | Journal article | 03/12/2007 | L141581 | 141581-1001 | 06/08/2019 | 1 | 06/08/2019 | Journal article |